| 000 | 00940cam a22002897a 4500 | ||
|---|---|---|---|
| 003 | CHAP | ||
| 005 | 20220817041535.0 | ||
| 008 | 971013s r 00010 d | ||
| 010 | _a17460 | ||
| 011 | _a18432 | ||
| 035 | _a22517 | ||
| 040 | _cCHAP | ||
| 090 | _aR-1602 | ||
| 100 | 0 | 0 |
_aJohnston, Bruce F. _961889 |
| 245 | 1 | 3 | _aEl papel de la agricultura en el desarrollo económico |
| 500 | _aSobretiro de: Eicher, Carl K. La agricultura en el desarrollo económico. México, Limusa-Wiley, 1968. pp. 23-51 | ||
| 590 |
_aBATCH-UPD _b10 _c20130110 _lUCH01 _h1024 |
||
| 590 |
_aBATCH-UPD _b10 _c20130410 _lUCH01 _h0629 |
||
| 590 |
_aBATCH-UPD _b10 _c20130914 _lUCH01 _h1149 |
||
| 590 |
_aCONVERSION _b10 _c20130109 _lUCH01 _h1311 |
||
| 650 | 1 | 4 |
_aAgricultura _xAspectos económicos. |
| 650 | 1 | 4 | _aDesarrollo económico. |
| 700 | 0 |
_aMellor, John. _974374 |
|
| 901 | _aBK | ||
| 942 | _cREIMP | ||
| 949 |
_aR-1602 _bBC _cR _d-52808 _eTS1 _i22517 _si |
||
| 999 |
_c17460 _d17460 |
||